00753na a2200193 450000100060000000300080000600500170001400800410003103500100007204000250008204100080010708200250011511100960014024501290023626000650036530000260043049000550045665000480051118645MIRAKIL20181213155040.0161123b tu 000 0  a18645 aMilasbturcTR-AnCHP atur a330.9561bİ45 1997 a"2000'e Doğru Türkiye'de Sosyal Güvenlik Sisteminin Geleceği" (Forum)cAnkarad1997 a"2000'e doğru Türkiye'de sosyal güvenlik sisteminin geleceği" (forum)cyayına hazırlayan İsmail İlmi Kıdeyş aAnkarabHak-İş Konfederasyonu Eğitim Yayınlarıc1997 a145 s.bfotg.c24 sm. aHak-İş Konfederasyonu Eğitim Yayınlarıv23 aSosyal güvenlik xToplantılarzTürkiye